马来左翼运动史 (Record no. 55967)

000 -LEADER
fixed length control field 00476nam a22001817a 4500
003 - CONTROL NUMBER IDENTIFIER
control field MPLRDC
005 - DATE AND TIME OF LATEST TRANSACTION
control field 20220104162437.0
008 - FIXED-LENGTH DATA ELEMENTS--GENERAL INFORMATION
fixed length control field 210129b ||||| |||| 00| 0 eng d
020 ## - INTERNATIONAL STANDARD BOOK NUMBER
International Standard Book Number 983-3782-12-3
082 ## - DEWEY DECIMAL CLASSIFICATION NUMBER
Classification number 574.386 LAM
100 ## - MAIN ENTRY--PERSONAL NAME
Personal name MOHAMAD SALLEH LAMRY
245 ## - TITLE STATEMENT
Title 马来左翼运动史
Statement of responsibility, etc. 谢丽玲译
250 ## - EDITION STATEMENT
Edition statement 初版
260 ## - PUBLICATION, DISTRIBUTION, ETC.
Place of publication, distribution, etc. 马来西亚
Name of publisher, distributor, etc. 策略资讯研究中心
Date of publication, distribution, etc. 2007
300 ## - PHYSICAL DESCRIPTION
Other physical details
650 ## - SUBJECT ADDED ENTRY--TOPICAL TERM
Topical term or geographic name entry element 马来西亚政治
942 ## - ADDED ENTRY ELEMENTS (KOHA)
Koha item type Book
-- 574.386 LAM
Holdings
Withdrawn status Lost status Source of classification or shelving scheme Damaged status Not for loan Collection code Home library Current library Shelving location Date acquired Cost, normal purchase price Total Checkouts Full call number Barcode Date last seen Date last checked out Price effective from Koha item type Public note
            Malaysian Public Library, Research and Development Centre Malaysian Public Library, Research and Development Centre   10/12/2007 20.00   574.386 LAM 00056261 18/03/2021 13/05/2009 18/03/2021 Book mplrdc

© 2022. Malaysian Public Library, Research and Development Centre. All Right ReservedE-mailmplrdc@help.edu.my 

Powered by Koha